| 000 | 00614cam a22002051 4500 | ||
|---|---|---|---|
| 001 | ne 63000329 | ||
| 003 | DLC | ||
| 005 | 20260227111741.0 | ||
| 008 | 830330q19601969le 000 0 ararc | ||
| 010 | _ane 63000329 | ||
| 035 | _a(OCoLC)9359090 | ||
| 040 |
_aPrinceton Univ. Libr. _cTU _dTU _dDLC |
||
| 042 | _apremarc | ||
| 050 | 0 | 0 |
_aPN779 _b.S2 |
| 100 | 1 | _aSamrah, Maḥmūd. | |
| 245 | 1 | 0 |
_aMaqālāt fī al-Naqd al-Adabī _c[taʼlīf] Maḥmūd al-Samrah. |
| 260 |
_aBayrūt, _bDār al-Thaqāfah _c[196-?]. |
||
| 300 |
_a158 p. _c20 cm. |
||
| 650 | 0 |
_aLiterature, Modern _y20th century _xHistory and criticism. |
|
| 999 |
_c45570 _d45570 |
||